• 首页
  • 本馆介绍
  • 公告通知
  • 最新文献
  • 馆藏检索
  • 电子资源
  • 读者导购
  • 参考咨询
  • 我的图书馆
  • 登录
  • 详细信息显示
  • 放入我的书架
  • 预约/预借图书
  • 作者相关作品
  • 分类相关作品
  • 丛书相关作品
  • 出版社相关作品

书目信息

  • 表格格式
  • 工作单格式
  • 卡片格式
题名:
世界名著爱情篇摘萃
    
 
作者: 田晖东 编
分册:  
出版信息: 昆明   云南民族出版社  1985
页数: 564页
开本: 19cm
丛书名:
单 册:
中图分类: I11
科图分类:
主题词: 文学--作品集--世界
电子资源:
ISBN:
000 00642nam0 2200229 45
001 0185015266
005 20060420091303.23
010    @dCNY2.63
091    @a10184.145
100    @a19951101d1985 em y0chiy0121 ea
101 0  @achi
102    @aCN@b530000
105    @ay z 000yy
200 10 @a世界名著爱情篇摘萃@Ashi jie ming zhu ai qing pian zhai cui@f田晖东等编@Ftian hui dong deng bian
210    @a昆明@c云南民族出版社@d1985
215    @a564页@d19cm
606 0  @a文学@x作品集@y世界
690    @aI11@v3
701  0 @a田晖东@4编@Atian hui dong
801  2 @aCN@bNLC@c20060420
801  0 @aCN@b深圳图书馆@c20040418
905    @dI11@e126
    
    世界名著爱情篇摘萃/田晖东等编.-昆明:云南民族出版社,1985
    564页;19cm
    
    
    ISBN :CNY2.63
    
●
相关链接 在E读中查询图书 在五车中查询图书 在当当中查询图书 在豆瓣中查询图书


正题名:世界名著爱情篇摘萃     索取号:I11/126         预约/预借

序号 登录号 条形码 馆藏地/架位号 状态 备注
1 0146538   202252668   密集书库/ [索取号:I11/126] 在馆    
2 0146540   202439058   第一样本阅览室/ [索取号:I11/126] 在馆    
3 0225085   000087952   第二借阅区/ [索取号:I11/126] 在馆    
4 0225086   000087881   第二借阅区/ [索取号:I11/126] 在馆    
5 0225087   000087970   第二借阅区/ [索取号:I11/126] 在馆    
6 0225088   000087961   第二借阅区/ [索取号:I11/126] 在馆    
7 0225089   000087943   第二借阅区/ [索取号:I11/126] 在馆    
8 0225090   000087934   第二借阅区/ [索取号:I11/126] 在馆    
9 0225091   000087925   第二借阅区/ [索取号:I11/126] 在馆    
唐山师范学院图书馆 欢迎您!
大连网信软件有限公司© 版权所有